01612nam a2200373 a 4500001001000000003000500010005001700015008004100032010001100073011001100084040000900095090001000104100004800114245016500162260004100327500006000368502007700428590004100505590004100546590004000587590004000627590004000667590004000707650003400747650003500781650003400816856007000850901000700920942001000927942000600937999001900943952013600962952014001098000110081CHAP20220329144117.0140721s2014 mx sm |||||||spa d a106543 a107515 cCHAP aTesis1 aZacarías Martínez, Ángel Rene912749310aCaracterización molecular de cinco líneas y tre materiales comerciales de cacahuate (Arachis hypogaea L.)h[En línea]cÁngel Rene Zacarías Martínez. aChapingo, Méx. :bEl autor,c2014. aPara ver el contenido del material haga clic en la liga aTesis (Ing. Agr. Esp. en Fitotecnia) -- UACH. Departamento de Fitotecnia aBATCH-UPDb10c20141002lUCH01h0905 aE11695DGDb10c20140722lUCH01h0910 aE5995AHEb05c20140721lUCH01h1340 aE5995AHEb05c20140721lUCH01h1341 aE5995AHEb05c20140721lUCH01h1345 aE5995AHEb05c20140721lUCH01h135314aCacahuatexGenética.91687314aCacahuatexRendimiento.91690014aCacahuatexVariedades.916912 aFinding aiduhttp://10.13.5.2/tesis/sist110081.pdfzTeclea aquí aBK cTESIS n0 c106543d106543 00104054718TESISaBCbBCd2014-07-21fTESISl0oTesisp33724002411347r2019-12-31 00:00:00w2019-12-31yTESISzRecien adquirido 00102local4053708TESISaBCbBCcPA_TESISd2014-07-21fTESISl0oTesisp33724002411389r2019-12-31 00:00:00tc.2w2019-12-31yTESIS